LEADER 01052nam a2200241 i 4500 001 000000342609 003 CaOOAMICUS 005 20230320142106.0 008 201015s2017 vc a u000 u ita u 020 $a978-88-209-9998-8 040 $aSeMil$bita 041 $aita$alat 245 10$a3.2. 264 1$aCittą del Vaticano :$bLibreria Editrice Vaticana,$c2017. 300 $a996 p., [4] carte. di tav. :$bill., ritr. ;$c25 cm 546 $aTesto in italiano e latino 773 0 $aBenedictus XIV $tBeatificazione dei servi di Dio e la canonizzazione dei beati.$dCittą del Vaticano : Libreria Editrice Vaticana, 2010-2022.$bEd. bilingue$g3.2$w()24634 850 $aSeMil 852 $aSeMil$W1$xVenegono$y1$m3H VI 373/2$j257501$B233540$CSeMilBibl$Z2$F233540 $81 996 $6020$a978-88-209-9998-8$9(OLS)http://semarc/number/291468 996 $6245$a3.2$9(OLS)http://semarc/title/185722 996 $6264$aCittą del Vaticano :$bLibreria Editrice Vaticana$9(OLS)http://semarc/publisher/29734 LEADER 00634naa a2200157 i 4500 001 000000324739 003 CaOOAMICUS 005 20180831173449.0 008 180831n it u000 u ita u 013 $a35642 040 $aSeMil$bita 245 13$aLe malattie dei lavoratori in rapporto con la legislazione sociale odierna. 650 4$aAmbiente e salute.$0(OLS)http://semarc/subject/19504 650 4$aLegislazione sociale.$0(OLS)http://semarc/subject/37163 773 0 $t1: (1907-1908).$z88-343-2450-1$gp.429-466$w()64700 996 $6245$aLe malattie dei lavoratori in rapporto con la legislazione sociale odierna$9(OLS)http://semarc/title/397996